000 00775nam0a22002531 4500
001 rc\101908
005 20260406073013.0
010 _a5-85500-153-9
_950000
035 _a(NLR Aleph) 005364822
090 _a6936935
_c6936935
100 _a20021216d1991 |||y0rusy50 ca
101 0 _arus
102 _aRU
105 _ay |||||||||
200 1 _aСинее и белое
_fБорис Лавренев
210 _aКалининград
_cКн. изд-во
_d1991
215 _a494 с.
_d18
225 1 _aМорской роман
700 1 _4070
_8rus
_7ca
_aЛавренев
_bБ. А.
_gБорис Андреевич
_f1891-1959
_3RU\NLR\auth\7731140
_914151
801 0 _aRU
_bNLR
_gpsbo
801 1 _aRU
_bELAR
_2rusmarc
852 _aNLR
_j91-2/1357
942 _cBOOK
980 _aNB